000 00280nam a22001337a 4500
008 170831b xxu||||| |||| 00| 0 eng d
020 _a0534042872
041 _aeng
080 _23RD
_a070
100 _a40
101 _aMED
245 _aTHIS IS PR
_cNEWSOM,D
942 _2udc
_cBK
999 _c25831
_d25831